000 00456nam a22001575i 4500
001 68480
003 ES-MaACL
007 t|
008 960804s1892 sp ||||1| spa d
040 _aCAM
_bspa
_cCAM
100 1 _aGarcía Velez, Carlos.
_955389
245 1 3 _aEl trimetiletileno ó pental /
_cpor Carlos García Velez.
260 _aCadiz :
_bSociedad Editorial de la Odontología,
_c1892.
300 _a8 p. ;
_c22 cm.
852 _aES-MaACL
_jT-683-F-3
999 _c68480
_d68480